000 00712nam a2200205Ia 4500
001 1195
003 GE_BSU
008 181216s||||||||xx |||||||||||||| ||und||
040 _cGE_BSU
080 _a636.6
100 _aტუღუში გ.
245 _aსასაოფლო-სამეურნეო კულტურების მორწყვის წესები და მათი სრულყოფის გზები.
260 _aთბილისი.
260 _bსაბჭოთა საქართველო.
260 _c1986.
300 _a243 გვ. 20სმ.
541 _h8 ლ.
653 _aსოფლისმეურნეობა.
942 _cBK
999 _c35343
_d35343